000 00573nam a2200193Ia 4500
005 20260114185838.0
008 008 260114s9999 xx 000 0 eng d
020 _a9781847883681
037 _aEBOOK
040 _aCRL
_beng
_cCRL
041 _aeng
_2eng
084 _qCRL
100 _aIngrid Loschek
_9875109
245 0 _aWhen Clothes Become Fashion Design and Innovation Systems
260 _bBloomsbury
_c2010
856 _uhttps://doi.org/10.2752/9781847883681?locatt=label:secondary_bloomsburyCollections
942 _cEBOOK
999 _c1474043
_d1474043